000
00407nam a2200133Ia 4500
008
100328s9999 xx 000 0 und d
082
_b
6769
100
_a
वरेरकर भार्गवराम विठ्ठल
245
_a
समर्थ भिकारी
260
_b
---
630
_a
समर्थ भिकारी
730
_a
समर्थ भिकारी
942
_c
BOOK
999
_c
502637
_d
502634